Quizzes
Events
Quiz Creation
Community
Videos
Private Events
Remove Ads
Sign In
Join for FREE
Feedback
Dark Mode
Quiz Categories
Sports
Geography
Music
Movies
Television
Just For Fun
Miscellaneous
History
Literature
Language
Science
Gaming
Entertainment
Religion
Holiday
For Kids
Quiz Lab
Recent
Popular Today
Quiz Kudos Today
Editor Picks
Curator Picks
Quizzes by...
Day
Popularity
Type
Ratings
Length
Year
Community
Subscriptions
Recent Discussions
Orange Saloon
Badges
Playlists
Quests
Create
Leaderboards
Showdown
Live 5
Trivia Bingo
Activity
Puzzle Library
Sporcle Events
Private Events
Virtual Trivia
Globe League
Become a Host
Pub Owners
SporcleCon
Opinionation
Our Games
Videos
Blog
Mobile Apps
Partnerships
Remove Ads and Go Orange
Feedback
Sports
Athletes
MLB
NBA
NHL
NFL
Soccer
Sports Teams
WWE
NCAA
Football
Premier League
Basketball
Baseball
Hockey
Golf
Tennis
Cricket
Rugby
Auto Racing
Olympics
World Cup
Sports
Athletes
MLB
NBA
NHL
NFL
Soccer
Sports Teams
WWE
NCAA
Football
Premier League
Basketball
Baseball
Hockey
Golf
Tennis
Cricket
Rugby
Auto Racing
Olympics
World Cup
Random Quiz
Search Sporcle
×
Quiz Lab
Quiz Lab
Sports
name
Type in answers that appear in a list
Type in answers that appear in a list
Classic
Best Score? Go Orange.
Dodgers Rookies-of-the-Year Stats
Can you name the Dodgers named Rookie Of The Year?
By
challie
4m
18 Questions
594 Plays
594 Plays
594 Plays
Comments
Comments
Give Quiz Kudos
Give Quiz Kudos
-
- Ratings
hide this ad
More Info
Replay
Link that replays current quiz
Next Quiz
Link to next quiz in quiz playlist
You Got
0%
They Got
Avg Score
46%
Avg Friend Score
Upgrade to see
Score Distribution
Jump to the score distribution portion of the page
Score
0/18
Timer
04:00
0
Plays Today
Year
% Correct
2018
Cody Bellinger
93%
1993
Mike Piazza
89.6%
2017
Corey Seager
87%
1947
Jackie Robinson
85.5%
1992
Eric Karros
81%
1981
Fernando Valenzuela
79.1%
1995
Hideo Nomo
77.6%
1994
Raul Mondesi
71.7%
1996
Todd Hollandsworth
65.8%
Year
% Correct
1982
Steve Sax
59.8%
1949
Don Newcombe
42.9%
1980
Steve Howe
31.1%
1979
Rick Sutcliffe
26.3%
1953
Jim Gilliam
23.9%
1960
Frank Howard
18.7%
1952
Joe Black
18.4%
1969
Ted Sizemore
16.5%
1965
Jim Lefebvre
15.5%
Quiz Playlist
Details
Report
Send in Message
Add To Playlist
More Info:
Award started in 1947 - became separate AL & NL awards in 1949
Classic:
Type in answers that appear in a list
Quiz Source
Last Updated: Jan 2, 2019
Quiz Scoreboard
CHALLENGE
Sign Up to Join the Scoreboard
Show All
Scores
Hide
Comments
May contain spoilers
Recently Published
Pick 6: Fruits
by JohnFran
Miscellaneous
15s
Click the 1999 NBA Draft
by nibperrychub
Sports
2m
Alphabetical 'K' Countries by Flag Minefield
by ylime102
Geography
3m
More to Explore
Quiz From the Vault
Featured Blog Post
15 Basketball Trivia Facts You Can Be March Mad About
hide this ad
You Might Also Like...
Tags
Los Angeles Dodgers
name
rookie
Today's Top Quizzes in Sports
Browse Sports
hide this ad
Today's Top Quizzes in name
Browse name
Top Contributed Quizzes in Sports
1
Don't Strike Out: 3000 Strikeouts
2
MLB 2 truths and a lie: Hall of Fame pitchers
3
Pick 6: NFL Teams
4
Criteria MLB: Left Handed Sluggers
5
MLB Players with Two .350 Batting Average Seasons
6
2022 World Cup Stars
7
Les joueurs à 100 buts en Ligue 1 Uber Eats
8
Millionaire: NBA Finals Edition
9
Pick 6: Minor League Baseball
10
Last 10 Members of the 500 HR Club in Order
Explore More
Trending Topics
Disney
Crossword
Harry Potter
Marvel
Kpop
Anime
NBA
Country
Soccer
Song
WWE
NFL
Puzzle
Pokémon
The Office
hide this ad
More By:
challie
Quiz
Plays
Rating
Category
Featured
Created
Miami Heat All-Time Leaders
93,038
4.39
Sports
Jul 27, 2010
Los Angeles Clippers All-Time Leaders
54,368
4.32
Sports
Jul 27, 2010
Utah Jazz All-Time Leaders
53,922
4.57
Sports
Jul 27, 2010
Washington Wizards All-Time Leaders
45,672
4.50
Sports
Jul 27, 2010
Portland Trail Blazers All-Time Leaders
42,616
4.33
Sports
Jul 27, 2010
Go to Creator's Profile
Score Distribution
Quiz Creator Spotlight
challie
Follow
Send a Message
Quizzes Created
-
Created Quiz Play Count
-
More By This Creator
Popular Quizzes Today
1
Find the US States - No Outlines Minefield
2
Countries of Asia Without Outlines Minefield
3
Pick 6: Fruits
4
The Countries of the World
5
Alphabetical 'K' Countries by Flag Minefield
6
Click the 1999 NBA Draft
7
Find the US States
8
Match the Book to the Film X
More Sports Quizzes
Flashing NBA Logos!
Curator's Pick
Trending Quizzes
Pick 6: Harry Potter
Pick 6: Mountains
Pick 6: NFL Teams
Pick 6: Movie Franchises
Pick 6: Golfers
Recently Updated
Women's Final Four Teams by Year
bhenderson79
Presidents Quartet II
eogle
Anything But Clue(do)
eogle
Anything But Oceanian Capitals
eogle
Anything But 7
eogle
Anything But Thing
eogle
Word Ladder: February 29
pecheneg
Song Title Questions
pecheneg
Women's NCAA Tournament #1 Seeds
pecheneg
Celebrity Mug Shots
pecheneg
Trending Topics
Crossword
Anime
NBA
Marvel
Kpop
Harry Potter
Disney
Soccer
Pokémon
Country
Puzzle
Song
WWE
NFL
The Office
Your Account Isn't Verified!
In order to create a playlist on Sporcle, you need to verify the email address you used during registration. Go to your
Sporcle Settings
to finish the process.
Report this User
Report this user for behavior that violates our
Community Guidelines
.
Details:
Send Report
Go to the Sporcle.com Mobile Site →
Comments